000 00582pab a2200193 454500
008 180718b2008 xxu||||| |||| 00| 0 eng d
100 _aNorton, Simon D.
245 _aContrast and foundation of the public oversight roles of the US government accountability office and the UK National Audit Office
260 _c2008
300 _ap.921-31.
362 _aSep-Oct
650 _aAccountability - United States
650 _aAudit - United States
650 _aAudit
700 _aSmith, L. Murphy
773 _aPublic Administration Review
908 _aN
909 _a79768
999 _c79768
_d79768